BIBLIOTECA

SENCICO

Which way to go? : (Registro nro. 4124)

Detalles MARC
000 -LEADER
fixed length control field 00903nam a22002657a 4500
003 - CONTROL NUMBER IDENTIFIER
control field PE SENCICO BE
005 - DATE AND TIME OF LATEST TRANSACTION
control field 20251020182635.0
008 - FIXED-LENGTH DATA ELEMENTS--GENERAL INFORMATION
fixed length control field 230504b |||||||| |||| 00| 0 eng d
020 ## - INTERNATIONAL STANDARD BOOK NUMBER
International Standard Book Number 978-84-15223-43-6
040 ## - CATALOGING SOURCE
Original cataloging agency PE SENCICO BE
Transcribing agency PE SENCICO BE
041 ## - LANGUAGE CODE
Language code of text/sound track or separate title spa
-- eng
082 ## - DEWEY DECIMAL CLASSIFICATION NUMBER
Classification number 711.4
Item number I5W
110 1# - MAIN ENTRY--CORPORATE NAME
9 (RLIN) 238
Corporate name or jurisdiction name as entry element Instituto Monsa de Ediciones
245 1# - TITLE STATEMENT
Title Which way to go? :
Remainder of title placemaking, wayfinding and signage design [diseño de arquitectura urbana en el espacio y señalética] /
Statement of responsibility, etc. Instituto Monsa de Ediciones
250 ## - EDITION STATEMENT
Edition statement [1a ed.]
260 ## - PUBLICATION, DISTRIBUTION, ETC.
Place of publication, distribution, etc. Barcelona :
Name of publisher, distributor, etc. Instituto Monsa de Ediciones,
Date of publication, distribution, etc. 2012
300 ## - PHYSICAL DESCRIPTION
Extent 191 p. :
Other physical details il. col., diagrs.,
Dimensions 25 cm.
650 14 - SUBJECT ADDED ENTRY--TOPICAL TERM
9 (RLIN) 762
Topical term or geographic name entry element Diseño urbano
650 24 - SUBJECT ADDED ENTRY--TOPICAL TERM
9 (RLIN) 528
Topical term or geographic name entry element Planificación urbana
650 24 - SUBJECT ADDED ENTRY--TOPICAL TERM
9 (RLIN) 760
Topical term or geographic name entry element Espacios públicos
650 24 - SUBJECT ADDED ENTRY--TOPICAL TERM
9 (RLIN) 17
Topical term or geographic name entry element Artes visuales
650 24 - SUBJECT ADDED ENTRY--TOPICAL TERM
9 (RLIN) 979
Topical term or geographic name entry element Señalética
910 ## - USER-OPTION DATA (OCLC)
-- hfp
-- hfp
942 ## - ADDED ENTRY ELEMENTS (KOHA)
Source of classification or shelving scheme Dewey Decimal Classification
Koha item type Libros
Existencias
Fecha de la última vez que lo usaron Número de ingreso o de inventario Pago total Signatura topográfica completa Precio efectivo desde Tipo de documento Estado perdido Sistema de clasificación Estado dañado No es para préstamo Retirado Ubicación permanente Ubicación actual Fecha de adquisición
04/05/2023 15999   711.4/I5W 04/05/2023 Libros   Dewey Decimal Classification       Biblioteca Central Lima Biblioteca Central Lima 04/05/2023